| 000 | 00429nam a2200157Ia 4500 | ||
|---|---|---|---|
| 008 | 230917s9999||||xx |||||||||||||| ||und|| | ||
| 040 |
_e74687 _aMAIN |
||
| 041 | _aEnglish | ||
| 082 | _a338.6 G293I | ||
| 100 | _aGeorge, Kenneth D | ||
| 245 | 0 | _aIndustrial organization: competition, growth and structural change | |
| 250 | _a2nd ed. | ||
| 260 |
_aLondon _bGeorge Allen and Unwin _c1981 |
||
| 300 | _ax, 336 p. | ||
| 942 | _cBK | ||
| 999 |
_c221610 _d221610 |
||